Gender and caste hierarchy in colonial Bengal : (Record no. 164433)

MARC details
000 -LEADER
fixed length control field 00644nam a22001937a 4500
005 - DATE AND TIME OF LATEST TRANSACTION
control field 20190520131936.0
010 ## - LCCN (DPL NO)
LC control number ENG-125234
020 ## - INTERNATIONAL STANDARD BOOK NUMBER
International Standard Book Number 9789381345054
Terms of availability 600.00
035 ## - SYSTEM CONTROL NUMBER
System control number EN-108766
037 ## - SOURCE OF ACQUISITION
Source of stock number/acquisition DBAD/PUB
082 ## - DEWEY DECIMAL CLASSIFICATION NUMBER
Classification number 305.512
100 ## - MAIN ENTRY--PERSONAL NAME
Personal name Roychowdhury, Deboshruti
245 ## - TITLE STATEMENT
Title Gender and caste hierarchy in colonial Bengal :
Remainder of title inter-caste interventions of ideal womanhood /
Statement of responsibility, etc Deboshruti Roychowdhury
260 ## - PUBLICATION, DISTRIBUTION, ETC. (IMPRINT)
Place of publication, distribution, etc Kolkata
Name of publisher, distributor, etc Stree
Date of publication, distribution, etc 2014
270 ## - ADDRESS
Address 16 Southern Avenue
City Kolkata
Postal code 700026
300 ## - PHYSICAL DESCRIPTION
Extent x,246p.
Dimensions 23cm(Hb)
500 ## - GENERAL NOTE
General note Includes bibliographical references and index
942 ## - ADDED ENTRY ELEMENTS (KOHA)
Source of classification or shelving scheme Dewey Decimal Classification
Item type English Books
Classification part 480
Call number suffix DUB
Holdings
Withdrawn status Lost status Not for loan Collection code Home library Current library Date acquired Source of acquisition Cost, normal purchase price Full call number Barcode Copy number Cost, replacement price Koha item type
      Non-fiction Sarojini Nagar Sarojini Nagar 20/05/2019 DBAD/PUB 600.00 480 DUB EN-108766 1 600.00 English Books

© Delhi Public Library
Hit Counter
free hit counter